02198cam a2200433 a 4500001000800000003000900008005001700017007000800034008003200042010000600074020001800080035000600098040002500104042000600129043000600135050000600141082003300147100003200180245011000212246006900322250000600391260003800397300002400435505057800459590002601037600004701063600006501110600004701175650004301222651003801265651003201303700003301335700004201368910004001410942001201450952014501462952014001607999001701747 87487 DO-SdBNP20240206094034.0 87487 110630s2009 mx a 000 0cspa c a  a9786071103055 a  aBPMSUcspadBPMSUd  a  a  a  4a923.1097291bC355C 20092 221 aCastro Ruz, Juanita,d1933-10aFidel y Raúl mis hermanos :bla historia secreta /cJuanita Castro; prólogo Carlos Alberto Montanel 13aMemorias de Juanita Castro contadas a María Antonieta Collins. a  aMéxico, D.F. :bAguilar,c2009. a430 p. ;c24 cm.b 0 aNuevamente en casa -- Lina y Angela -- Una familia de siete hijos -- Fidel y los años violentos -- La historia comienza -- En camino al Exilio mexicano -- El asalto al cuartel Moncada -- En camino al exilio mexicano -- El secuestro a Fidelito -- Ese personaje llamado "Che" -- La miel del triunfo -- Comienza la guerra -- Una oferta inesperada --Silvando monjitas -- Soy marxista-leninista -- Fin de unos viejos aliados -- Un voleto sin regreso -- La recepción del exilio --!A diós Donna! -- La vox popúli... voz ¿de quién? --Yo también tengo mis reflexiones. aInventariado, 2024/VM14aCastro, Fidel, d1926-2016vBiografías.14aCastro, Fidel, d1926-2016xPensamiento político y social14aCastro, Raúl, d1931-xVida familiar.  4aJefes de Estado zCuba vBiografías 4aCubaxPolítica y gobierno. y  4aCuba xHistoria y Siglo XX1 aCollins, María Antonieta. 1 aMontaner, Carlos Alberto eprólogo  aVMateo V. Control de calidad. BPMSU 2ddccBK 00102ddc40708CGaBPMETbBPMETd2016-08-25eALFAGUARAl0oBPMSU CG 923.1097291 C355C 2009pBPMSU16080219r2016-08-25te.2w2016-08-25yBK 00102ddc40708CGaBPMETbBPMETd2016-08-25eALFAGUARAl0oBPMSU CG 923.1097291 C355C 2009pBPMSU16080220r2016-08-25w2016-08-25yBK c11183d11183